| 000 | 00817cam a2200241 a 4500 | ||
|---|---|---|---|
| 001 | 000013457 | ||
| 005 | 20200929163232.0 | ||
| 008 | 800310s1978 mx b 000 0 spa | ||
| 020 | _a9682303508 | ||
| 040 |
_aDO-SdBNP _bspa _cLC _dBNPHU |
||
| 082 |
_a335.6098 _bB858e |
||
| 100 | 1 |
_aBriones, Alvaro. _930737 |
|
| 245 | 1 | 0 |
_aEconomía y política del fascismo dependiente / _cpor Alvaro Briones. |
| 260 |
_aMéxico, D. F. : _bSiglo Veintiuno, _c1978. |
||
| 300 |
_a326 p. ; _c18 cm. |
||
| 490 | 1 | _aEconomía y demografía | |
| 651 | 4 |
_aFascismo _zAmérica Latina _y1945- _930738 |
|
| 651 | 4 |
_aAmérica Latina _xPolítica Económica _99438 |
|
| 651 | 4 |
_aAmérica Latina _xRelaciones Económicas Exteriores _930739 |
|
| 830 | 0 |
_aEconomía y demografía _930740 |
|
| 910 | _aCatalogación por copia/LC | ||
| 049 | _aBNGR | ||
| 999 |
_c13082 _d13082 |
||